Tulpo y otros poemas... 1977-1985 / (Registro nro. 50839)
[ vista simple ]
| 000 -CABECERA | |
|---|---|
| campo de control de longitud fija | 00815nam a22002537a 4500 |
| 003 - IDENTIFICADOR DEL NÚMERO DE CONTROL | |
| campo de control | DO-SdBNP |
| 005 - FECHA Y HORA DE LA ÚLTIMA TRANSACCIÓN | |
| campo de control | 20240412074309.0 |
| 007 - CAMPO FIJO DE DESCRIPCIÓN FÍSICA--INFORMACIÓN GENERAL | |
| campo de control de longitud fija | ta |
| 008 - DATOS DE LONGITUD FIJA--INFORMACIÓN GENERAL | |
| campo de control de longitud fija | 211101b2021 dr ||||| |||| 00| p spa d |
| 020 ## - NÚMERO INTERNACIONAL ESTÁNDAR DEL LIBRO | |
| Número Internacional Estándar del Libro | 9789945097023 |
| 040 ## - FUENTE DE LA CATALOGACIÓN | |
| Centro catalogador/agencia de origen | DO-SdBNP |
| Lengua de catalogación | spa |
| Centro/agencia transcriptor | BNPHU |
| 082 #4 - NÚMERO DE LA CLASIFICACIÓN DECIMAL DEWEY | |
| Número de clasificación | RD861.44 |
| Número de documento/Ítem | E56t, 2021 |
| Número de edición | 22 |
| 100 1# - ENTRADA PRINCIPAL--NOMBRE DE PERSONA | |
| Nombre de persona | Encarnación Antuna, César Bolívar, |
| Fechas asociadas al nombre | 1962- |
| 9 (RLIN) | 34651 |
| 245 10 - MENCIÓN DE TÍTULO | |
| Título | Tulpo y otros poemas... 1977-1985 / |
| Mención de responsabilidad, etc. | César Bolívar Encarnación Antuna. |
| 250 ## - MENCIÓN DE EDICIÓN | |
| Mención de edición | 3ra. ed. |
| 260 ## - PUBLICACIÓN, DISTRIBUCIÓN, ETC. | |
| Lugar de publicación, distribución, etc. | Monseñor Nouel, Bonao : |
| Nombre del editor, distribuidor, etc. | Impresiones Santiago, |
| Fecha de publicación, distribución, etc. | 2021. |
| 300 ## - DESCRIPCIÓN FÍSICA | |
| Extensión | 126 p. ; |
| Dimensiones | 21 cm. |
| 500 ## - NOTA GENERAL | |
| Nota general | Incluye datos biográficos del autor en la contracubierta |
| 590 ## - NOTA LOCAL (RLIN) | |
| Nota local | Inventariado, 2021/ LP |
| 650 #0 - PUNTO DE ACCESO ADICIONAL DE MATERIA--TÉRMINO DE MATERIA | |
| Término de materia o nombre geográfico como elemento de entrada | Poesía dominicana |
| 9 (RLIN) | 66 |
| 650 #0 - PUNTO DE ACCESO ADICIONAL DE MATERIA--TÉRMINO DE MATERIA | |
| Término de materia o nombre geográfico como elemento de entrada | Literatura dominicana. |
| 9 (RLIN) | 67 |
| 910 ## - DATOS DE OPCIÓN DEL USUARIO (OCLC) | |
| Datos de opción del usuario | Lopérez |
| 942 ## - ELEMENTOS DE PUNTO DE ACCESO ADICIONAL (KOHA) | |
| Fuente del sistema de clasificación o colocación | Dewey Decimal Classification |
| Tipo de ítem Koha | Libro |
| Estado de retiro | Estado de pérdida | Fuente del sistema de clasificación o colocación | No para préstamo | Código de colección | Localización permanente | Ubicación/localización actual | Ubicación en estantería | Fecha de adquisición | Fuente de adquisición | Total de préstamos | Signatura topográfica completa | Código de barras | Fecha visto por última vez | Precio válido a partir de | Tipo de ítem Koha | Número de copia |
|---|---|---|---|---|---|---|---|---|---|---|---|---|---|---|---|---|
| Dewey Decimal Classification | Excluido de préstamo | Patrimonio Dominicano | Biblioteca Nacional Pedro Henríquez Ureña | Biblioteca Nacional Pedro Henríquez Ureña | Depósito | 01.11.2021 | Depósito Legal | BNPHU PD RD861.44 E56t 2021 | 2021-27716 | 01.11.2021 | 01.11.2021 | Libro y Folleto Colección Patrimonio Dominicano | ||||
| Dewey Decimal Classification | Excluido de préstamo | Patrimonio Dominicano | Biblioteca Nacional Pedro Henríquez Ureña | Biblioteca Nacional Pedro Henríquez Ureña | Depósito | 01.11.2021 | Depósito Legal | BNPHU PD RD861.44 E56t 2021 | 2021-27717 | 01.11.2021 | 01.11.2021 | Libro y Folleto Colección Patrimonio Dominicano | e.2 | |||
| Dewey Decimal Classification | Préstamo en sala | Dominicana de Servicio | Biblioteca Nacional Pedro Henríquez Ureña | Biblioteca Nacional Pedro Henríquez Ureña | Depósito | 01.11.2021 | Depósito Legal | BNPHU DS RD861.44 E56t 2021 | 2021-27718 | 01.11.2021 | 01.11.2021 | Libro y Folleto Colección Dominicana de Servicio | e.3 |
